| 000 | 00664nam a2200217Ii 4500 | ||
|---|---|---|---|
| 003 | JO-AjNU | ||
| 008 | 230605s9999||||xx |||||||||||||| ||und|| | ||
| 017 | _a2006/4/930 | ||
| 040 |
_aJO-AjNU _bara _erda _cJO-AjNU |
||
| 041 | _aara | ||
| 050 | 1 | 4 | _aDS109.9 2006 |
| 100 | 3 |
_aتاليف الجنيدي، عزام فهمي, _eauthor _935817 |
|
| 245 | 0 | 0 | _aفلسطين عبر التاريخ: حقائق وأرقام |
| 250 | _aط1 | ||
| 264 | 3 | 1 | _aعمان: المؤلف، 2006 |
| 300 | _a104ص | ||
| 336 |
_atext _btxt _2rdacontent |
||
| 337 |
_aunmediated _bn _2rdamedia |
||
| 338 |
_avolume _bnc _2rdacarrier |
||
| 650 | 4 |
_aفلسطين - تاريخ _935818 |
|
| 999 |
_aA14823 _c18391 _d18391 |
||